000 00701nam a2200241Ia 4500
003 OSt
005 20220923213933.0
006 a|||||r|||| 00| 0
007 ta
008 220922b |||||||| |||| 00| 0 hin d
024 _a165,696
037 _cTextual
040 _aARTS
_cARTS
_bhin
041 _2hin
_ahin
082 _aO152,1J32,11:g, J5
100 _aजयरामदास
_9156277
245 0 _aमानस शंका समाधान
246 _aMānas shankā samādhāna
260 _c1955
650 _aहिन्दी साहित्य
_9156264
942 _hO152,1J32,11:g, J5
_cTEXL
_2CC
999 _c320175
_d320175